00836cam a2200229 a 450000100060000000300080000600500170001400800410003103500190007204000320009104100080012308200250013110000310015624501170018726000630030430000270036750000310039450400290042565100520045465100480050670000520055426016BD-RjUL20211209050947.0140320r19501790inu b 000 0 eng d a(BD-RjUL)26086 aDLCcDLCdDLCdBD-RjULbeng aeng00a944.04219bBUR 19501 aBurke, Edmund,d1729-1797.10aReflections on the Revolution in France /cEdmund Burke ; edited, with introduction and notes, by J.G.A. Pocock. aLondon :bOxford University press,cc1907 [Reprinted 1950] alvii, 375 p. ;c23 cm. aOriginally published 1790. aIncludes bibliographies. 0aFrancexHistoryyRevolution, 1789-1799xCauses. 0aFrancexPolitics and governmenty1789-1799.1 aPocock, J. G. A.q(John Greville Agard),d1924-